Online Catalogue and eLibrary

Vinivida (Record no. 5139)

MARC details
000 -LEADER
fixed length control field 00370nam a2200157Ia 4500
005 - DATE AND TIME OF LATEST TRANSACTION
control field 20250617035016.0
008 - FIXED-LENGTH DATA ELEMENTS--GENERAL INFORMATION
fixed length control field 240331s9999 xx 000 0 und d
020 ## - INTERNATIONAL STANDARD BOOK NUMBER
ISBN 9559261231
082 ## - DDC Classification
Item Number - Author Mark DES
Class No. 305
100 ## - MAIN ENTRY--PERSONAL NAME
Personal name De Silva,T
245 #0 - TITLE STATEMENT
Title Vinivida
260 ## - PUBLICATION, DISTRIBUTION, ETC.
Place of publication, distribution, etc. Colombo
Name of publisher, distributor, etc. WERC
Date of publication, distribution, etc. 2002
300 ## - PHYSICAL DESCRIPTION
Extent (e.g. Volumes, Pages etc.) 16 p .,
500 ## - GENERAL NOTE
General note A cross section of female employment
942 ## - Koha item type (Biblio)
Koha item type Books in Stacks (Lending)
Holdings
Lost status Damaged status Collection code Home library Current library Shelving location Date acquired Full call number Accession Number Item type
    Lending WERC Library WERC Library Social Science Cupboard 03/31/2024 305.562 DES 4602 Books in Stacks (Lending)

© WERC Library